Suite du répertoire du théâtre français, avec un choix des pièces de plusieurs autres théâtres. (Record no. 169843)

MARC details
000 -LEADER
campo de control de longitud fija 01801nam a2200361 i 4500
001 - NÚMERO DE CONTROL
campo de control 169843
003 - IDENTIFICADOR DE NÚMERO DE CONTROL
campo de control ES-MaACL
005 - FECHA Y HORA DE LA ÚLTIMA TRANSACCIÓN
campo de control 20250927110310.0
008 - DATOS DE LONGITUD FIJA--INFORMACIÓN GENERAL
campo de control de longitud fija 081204s1823 fr |||| | fre d
080 ## - NÚMERO DE LA CLASIFICACIÓN DECIMAL UNIVERSAL
Número de la Clasificación Decimal Universal 821.133.1-293
245 00 - MENCIÓN DEL TÍTULO
Título Suite du répertoire du théâtre français, avec un choix des pièces de plusieurs autres théâtres.
Nombre de parte o sección de la obra Vaudevilles.
Número de parte o sección de la obra V /
Mención de responsabilidad, etc. arrangées et mises en ordre par M. Lepeintre.
260 ## - PUBLICACIÓN, DISTRIBUCIÓN, ETC.
Lugar de publicación, distribución, etc. Paris :
Nombre del editor, distribuidor, etc. Mme Veuve Dabo,
Fecha de publicación, distribución, etc. 1823 (
Fabricante Senlis)
300 ## - DESCRIPCIÓN FÍSICA
Extensión 365 p. ;
Dimensiones 14 cm.
490 1# - MENCIÓN DE SERIE
Mención de serie Suite du répertoire du théatre français ;
Designación de volumen o secuencia 79
500 ## - NOTA GENERAL
Nota general Índice.
500 ## - NOTA GENERAL
Nota general Enc. con: Suite du répertoire du théâtre français ; 80.
505 8# - NOTA DE CONTENIDO CON FORMATO
Nota de contenido con formato Contiene: ;
Título M. Vautour /
Mención de responsabilidad par MM. Désaugiers, Tournay et G. Duval. --
Título Les deux pères /
Mención de responsabilidad par M. Dupaty. --
Título Comment faire? /
Mención de responsabilidad par MM. de Jouy et de Longchamps. --
Título Les chevilles de maitre Adam /
Mención de responsabilidad par MM. Moreau et Francis. --
Título La somnambule /
Mención de responsabilidad par MM. Eugène Scribe et G. Delavigne.
597 ## - NOTA DE DESCRIPCIÓN FÍSICA
NOTA DE DESCRIPCIÓN FÍSICA 2 tomos en 1 v.
700 1# - ENTRADA AGREGADA--NOMBRE PERSONAL
Nombre de persona Désaugiers, Marc-Antoine (
Fechas asociadas al nombre 1772-1827)
9 (RLIN) 139020
700 1# - ENTRADA AGREGADA--NOMBRE PERSONAL
Nombre de persona Tournay, Mathieu-Jean-Baptiste Nioche de.
9 (RLIN) 139021
700 1# - ENTRADA AGREGADA--NOMBRE PERSONAL
Nombre de persona Duval, Georges (
Fechas asociadas al nombre 1772-1853)
9 (RLIN) 46374
700 1# - ENTRADA AGREGADA--NOMBRE PERSONAL
Nombre de persona Dupaty, Emmanuel.
9 (RLIN) 139000
700 1# - ENTRADA AGREGADA--NOMBRE PERSONAL
Nombre de persona Longchamps, Charles de.
9 (RLIN) 139022
700 1# - ENTRADA AGREGADA--NOMBRE PERSONAL
Nombre de persona Moreau de Commagny, Charles-François-Jean-Baptiste.
9 (RLIN) 139023
700 0# - ENTRADA AGREGADA--NOMBRE PERSONAL
Nombre de persona Scribe, Eugène.
9 (RLIN) 104966
700 1# - ENTRADA AGREGADA--NOMBRE PERSONAL
Nombre de persona Delavigne, Germain.
9 (RLIN) 139024
700 1# - ENTRADA AGREGADA--NOMBRE PERSONAL
Nombre de persona Jouy, Etiénne de.
9 (RLIN) 137942
700 1# - ENTRADA AGREGADA--NOMBRE PERSONAL
Nombre de persona Francis (
Fechas asociadas al nombre 1778-1840?)
9 (RLIN) 188902
700 1# - ENTRADA AGREGADA--NOMBRE PERSONAL
Nombre de persona Lepeintre-Desroches, Pierre-Marie-Michel,
Fechas asociadas al nombre 1785-1847
9 (RLIN) 138972
830 0# - PUNTO DE ACCESO ADICIONAL DE SERIE-TÍTULO UNIFORME
Título uniforme Suite du répertoire du théatre français ;
Designación de volumen o secuencia 79
9 (RLIN) 188890
852 4# - LOCALIZACIÓN
Ubicación ES-MaACL
Número de control de estantería E-12318(1)
itemnumber R.190455
Nota libre - Biblioteca Jacinto Martínez Lacalle
Holdings
Estatus retirado Estado de pérdida Estado de daño No para préstamo Colección Biblioteca de origen Biblioteca actual Ubicación en estantería Fecha de adquisición Fuente de adquisición Total de préstamos Signatura topográfica completa Código de barras Visto por última vez Precio de reemplazo Tipo de ítem Koha
        Libros del s. XIX Biblioteca del Ateneo de Madrid Biblioteca del Ateneo de Madrid Depósito 2 04/12/2008     E-12318(1) 1178316 23/02/2023 23/02/2023 Libro impreso antiguo